| 000 | 01369nam a2200349Ia 4500 | ||
|---|---|---|---|
| 001 | ebr10112102 | ||
| 003 | CaPaEBR | ||
| 006 | m u | ||
| 007 | cr cn||||||||| | ||
| 008 | 040514s2003 caua sb 001 0 eng d | ||
| 020 | _z0738453234 (pbk.) | ||
| 040 |
_aCaPaEBR _cCaPaEBR |
||
| 035 | _a(OCoLC)137342115 | ||
| 050 | 1 | 4 |
_aQA76.9.V5 _bV73 2003eb |
| 082 | 0 | 4 |
_a006.8 _222 |
| 245 | 0 | 0 |
_aVSAM demystified _h[electronic resource] / _c[Dave Lovelace ... et al.]. |
| 250 | _a2nd ed. | ||
| 260 |
_aSan Jose, CA : _bIBM, International Technical Support Organization, _c2003. |
||
| 300 |
_axxiv, 494 p. : _bill. |
||
| 490 | 1 | _aIBM redbooks | |
| 500 | _a"September 2003." | ||
| 504 | _aIncludes bibliographical references and index. | ||
| 533 |
_aElectronic reproduction. _bPalo Alto, Calif. : _cebrary, _d2009. _nAvailable via World Wide Web. _nAccess may be limited to ebrary affiliated libraries. |
||
| 650 | 0 | _aVirtual computer systems. | |
| 650 | 0 | _aDigital computer simulation. | |
| 655 | 7 |
_aElectronic books. _2local |
|
| 700 | 1 | _aLovelace, Dave. | |
| 710 | 2 |
_aInternational Business Machines Corporation. _bInternational Technical Support Organization. |
|
| 710 | 2 | _aebrary, Inc. | |
| 830 | 0 | _aIBM redbooks. | |
| 856 | 4 | 0 |
_uhttp://site.ebrary.com/lib/rucke/Doc?id=10112102 _zAn electronic book accessible through the World Wide Web; click to view |
| 999 |
_c210589 _d210589 |
||